Name Every Kim Dracula Song - Statistics

General Stats
  • This quiz has been taken 2 times
  • The average score is 26 of 38
Answer Stats
A Gradual Decline in Morale % Correct
1-800-CLOSE-UR-EYES
100%
A Gradual Decline in Morale
100%
Are You? (Ft. Kirin J Callinan)
100%
Divine Retribution
100%
Drown
100%
Hysterics
100%
I Kissed A Girl
100%
Killdozer
100%
Kitty Kitty
100%
Luck is a Fine Thing (Give it a Chance)
100%
Make Me Famous
100%
My Confession
100%
Paparazzi
100%
Rosé
100%
Seventy Thorns (ft. Jonathan Davis)
100%
Superhero
100%
The Bard's Last Note
100%
Undercover
100%
505 Missed Calls
50%
Alien
50%
Billionaire
50%
Death Before Designer
50%
Error: Corrupted File
50%
Industry Secrets
50%
In Threes
50%
Iris
50%
Land of the Sun
50%
Reunion and Reintegration
50%
SAY PLEASE!
50%
The End, For Now
50%
The Pledge:
50%
The Turn:
50%
Unstoppable
50%
3 Bullets
0%
Isotopes of Nothing
0%
Lost My Mind
0%
Monogamy Dreams From an Ivory Tower
0%
The Prestige:
0%
No matching quizzes found
Score Distribution
Percent of People with Each Score
Percentile by Number Answered
Your Score History
You have not taken this quiz